La veeduría como mecanismo de participación ciudadana
Saved in:
| Main Authors: | , |
|---|---|
| Andre forfattere: | |
| Format: | Bog |
| Sprog: | spansk |
| Udgivet: |
Cali
Artes Gráficas del Valle
2001
|
| Udgivelse: | 1a. ed |
| Fag: | |
| Tags: |
Tilføj Tag
Ingen Tags, Vær først til at tagge denne postø!
|
MARC
| LEADER | 00000nam a2200000 a 4500 | ||
|---|---|---|---|
| 001 | UCG5006 | ||
| 003 | CL-VaPUC | ||
| 008 | 101216e20010000CK |||||||||||||||||spa|d | ||
| 020 | |a 9583324361 | ||
| 082 | 0 | 4 | |a 355.685 |b MON |2 21 |
| 100 | |a Montilla Galvis, Omar de Jesús |e autor |9 554514 | ||
| 700 | 0 | |a Avila Mejía, Armando |e author |9 554505 | |
| 700 | |a Mafla Arango, Maximino |e autor |9 554506 | ||
| 245 | 1 | 3 | |a La veeduría como mecanismo de participación ciudadana |
| 250 | |a 1a. ed | ||
| 300 | |a 198 p | ||
| 942 | |c BK | ||
| 945 | |d 20101216 00:00:00 |a dcastane | ||
| 260 | |a Cali |b Artes Gráficas del Valle |c 2001 | ||
| 650 | 0 | |a Veeduría |9 851085 | |
| 650 | 0 | |a Administración |9 259325 | |
| 650 | 7 | |a INSPECCION |2 CL-VaPUC |9 406200 | |
| 650 | 7 | |a LEGISLACION |2 CL-VaPUC |9 554508 | |
| 650 | 0 | |a Participación ciudadana |9 330304 | |
| 651 | 0 | |a Colombia |9 256424 | |
| 583 | |a last modification |c 20101216 00:00:00 |k Rodrigo Vera | ||
| 999 | |c 343580 |d 343578 | ||
| 952 | |0 0 |1 0 |4 0 |6 355_685000000000000_MON_2001 |7 0 |8 A |9 440995 |a BIBDER |b BIBDER |d 2019-11-22 |i 4743806 |o 355.685 MON 2001 |p 4743806 |r 2023-01-25 |w 2019-11-22 |y BK |k DER | ||